Finančná analýza vybraného subjektu územnej samosprávy v SR diplomová práca

Saved in:
Bibliographic Details
Main Author: Kmeť, Ľuboš
Corporate Author: Národohospodárska fakulta EU. Katedra financií
Other Authors: Boór, Matej, 1988-
Format: Book
Language:Slovak
Published: Bratislava 2025
Tags: Add Tag
No Tags, Be the first to tag this record!

MARC

LEADER 00000nbm a2200000 4500
001 0309316
005 20251016124038.1
041 0 |a slo 
044 |a SK 
245 1 0 |a Finančná analýza vybraného subjektu územnej samosprávy v SR  |b diplomová práca  |c Ľuboš Kmeť ; školiteľ: Matej Boór 
264 1 |a Bratislava  |c 2025 
300 |a 75 s. 
100 1 |a Kmeť, Ľuboš 
700 1 |a Boór, Matej, 1988- 
710 2 |a Národohospodárska fakulta EU. Katedra financií